| 000 | 00906nam a22002297a 4500 | ||
|---|---|---|---|
| 999 |
_c2257 _d2257 |
||
| 005 | 20230405145014.0 | ||
| 008 | 230405b ||||| |||| 00| 0 eng d | ||
| 020 | _a9781408348529 | ||
| 040 | _cKH8 | ||
| 082 | _aFIC MEA | ||
| 100 |
_aMeadows, Daisy _eAuthor |
||
| 245 |
_aAmber, the Orange Fairy _cDaisy Meadows |
||
| 260 |
_aLondon, _bOrchard Books, an imprint of Hachette Children's Group, part of The Watts Publishing Group Limited, _c 2016 |
||
| 300 |
_a 70 pages _billustrations _c20 cm _e map |
||
| 500 | _a"First published in Great Britain in 2003 by Orchard Books."--Title page verso | ||
| 520 | _a"Amber the Orange Fairy has been trapped by Jack Frost! Can Rachel and Kirsty rescue her and her magical sisters, before colour disappears from Fairyland forever?" | ||
| 521 | _a5+. | ||
| 650 | _aChildren's stories | ||
| 650 | _aColor | ||
| 650 | _aColor Juvenile fiction | ||
| 942 |
_2ddc _cFIC |
||